000 00299nam a2200133 i 4500
001 bg
100 1 _aMARTIN, J. W.
245 0 _aPrecipitation hardening /
_cJ.W. Martin.
260 _aOxford,
_c1968.
040 _cBPK
041 _apol
942 _cKS
008 s pl f |000 0 pol
999 _c26246
_d26246
856 _uhttp://koha.tu.koszalin.pl/cgi-bin/koha/opac-detail.pl?biblionumber=26246
_yKatalog online BPK